MDQL
is popping MORE tags! Check the
thread
!
Quizzes
Events
Quiz Creation
Community
Videos
Private Events
Remove Ads
Sign In
Join for FREE
Feedback
Dark Mode
Quiz Categories
Sports
Geography
Music
Movies
Television
Just For Fun
Miscellaneous
History
Literature
Language
Science
Gaming
Entertainment
Religion
Holiday
For Kids
Quiz Lab
Recent
Popular Today
Quiz Kudos Today
Editor Picks
Curator Picks
Quizzes by...
Day
Popularity
Type
Ratings
Length
Year
Community
Subscriptions
Recent Discussions
Orange Saloon
Badges
Playlists
Quests
Create
Leaderboards
Showdown
Live 5
Trivia Bingo
Activity
Puzzle Library
Sporcle Events
Private Events
Virtual Trivia
Globe League
Become a Host
Pub Owners
SporcleCon
Opinionation
Our Games
Videos
Blog
Mobile Apps
Partnerships
Remove Ads and Go Orange
Feedback
Television
TV Characters
TV Show
Sitcom
Network
Friends
Reality Shows
Cast
South Park
Star Trek
The Simpsons
Doctor Who
Television
TV Characters
TV Show
Sitcom
Network
Friends
Reality Shows
Cast
South Park
Star Trek
The Simpsons
Doctor Who
Random Quiz
Search Sporcle
×
Quiz Lab
Quiz Lab
Television
Japanese
Type in answers that appear in a list
Type in answers that appear in a list
Classic
Best Score? Go Orange.
Anime Opening Quiz w/ Video Stats
Can you name the Anime Opening Quiz w/ Video
By
EdwardShinsuke
20m
100 Questions
24.3K Plays
24,321 Plays
24,321 Plays
Comments
Comments
Give Quiz Kudos
Give Quiz Kudos
-
- Ratings
hide this ad
Replay
Link that replays current quiz
Next Quiz
Link to next quiz in quiz playlist
You Got
0%
They Got
Avg Score
42%
Avg Friend Score
Upgrade to see
Score Distribution
Jump to the score distribution portion of the page
Score
0/100
Timer
20:00
3
Plays Today
Time
Anime
% Correct
3:23-
3:30
Naruto
87.3%
8:05-
8:13
Bishoujo Senshi Sailor Moon
84.2%
2:22-
2:30
Neon Genesis Evangelion
83.3%
9:09-
9:18
Digimon Adventure
83.1%
7:19-
7:28
Free!
82.6%
5:39-
5:48
Fullmetal Alchemist
82.2%
3:56-
4:02
K-On!
80.3%
7:10-
7:19
Angel Beats
77.4%
2:57-
3:06
Durarara
75.4%
6:12-
6:22
Noragami
74.3%
2:39-
2:48
Steins;Gate
74.3%
8:43-
8:51
One Piece
74.2%
8:18-
8:26
No Game No Life
73.2%
10:19-
10:28
Toradora
72.4%
9:28-
9:35
Attack on Titan
71.5%
7:47-
7:57
Future Diary
69.9%
12:44-
12:53
Kuroko no Basket
68.4%
12:53-
13:02
Haikyuu
67.7%
0:59-
1:06
Baccano
66.1%
1:46-
1:55
Magi: The Kingdon of Magic
65.7%
3:06-
3:15
Psycho-Pass
64%
13:40-
13:47
Fullmetal Alchemist Brotherhood
63.1%
1:30-
1:37
Dragon Ball
62.9%
4:02-
4:13
Yu-Gi-Oh! Duel Monsters
62.3%
8:26-
8:33
Danganronpa: The Animation
61.9%
8:13-
8:18
Death Note
61.1%
9:43-
9:51
Fairy Tail
60.9%
0:42-
0:50
Tengen Toppa Gurren Lagann
60.8%
0:00-
0:07
Black Butler
60.2%
3:48-
3:56
JoJo's Bizarre Adventure
59.8%
10:37-
10:48
Guilty Crown
59.6%
1:37-
1:46
Chobits
57.1%
4:13-
4:22
Nana
57.1%
1:24-
1:30
Sword Art Online II
56.7%
Time
Anime
% Correct
9:18-
9:28
Highschool DxD
54.5%
11:44-
11:51
School Days
54.1%
5:03-
5:13
Bleach
52.2%
0:15-
0:25
D.Gray-man
50.2%
4:30-
4:39
Deadman Wonderland
49.6%
0:07-
0:15
InuYasha
49.3%
6:03-
6:12
Watashi ga Motenai no wa Dō Kangaetemo Omaera ga Warui!
49%
2:13-
2:22
Black Bullet
48.4%
13:12-
13:20
Fate Zero
47.9%
9:35-
9:43
Bakemonogatari
43.9%
12:07-
12:17
Gintama
43.6%
2:30-
2:39
Hunter x Hunter
43.3%
0:33-
0:42
Soul Eater NOT
42.9%
11:04-
11:11
Black Rock Shooter
40.8%
13:56-
14:04
YuYu Hakusho
40.8%
6:44-
6:53
Shiki
40.7%
13:02-
13:12
Shaman King
39.7%
6:38-
6:44
Naruto Shippuuden
39.4%
9:51-
10:02
Gantz
38.1%
6:22-
6:30
Kimi ni Todoke
37.7%
8:51-
9:00
Hellsing
37.4%
11:59-
12:07
Zero no Tsukaima
37.1%
2:48-
2:57
Accel World
36.8%
12:35-
12:44
Beck
34.2%
5:23-
5:33
Persona 4
33.3%
11:18-
11:27
Konjiki no Gash Bell
31.2%
4:54-
5:03
Eureka Seven
28.9%
4:47-
4:54
Darker than Black: Ryuusei no Gemini
28.6%
7:57-
8:05
Katekyo Hitman Reborn
28.6%
10:56-
11:04
To Love-Ru
28.4%
0:50-
0:59
Uta no☆Prince-sama♪ Maji LOVE 1000%
27.8%
13:29-
13:40
Wolf's Rain
27.7%
14:04-
14:14
Mushishi
27.4%
5:48-
5:55
Captain Tsubasa
27.1%
Time
Anime
% Correct
6:30-
6:38
Nagi-Asu: A Lull in the Sea
26.3%
11:27-
11:35
Slayers
25.8%
2:04-
2:13
Detroit Metal City
25.4%
13:20-
13:29
Bakuman III
24.1%
12:27-
12:35
Ore no Imouto ga Konna ni Kawaii Wake ga Nai
23.6%
5:55-
6:03
Mobile Suit Gundam 00
23.4%
11:11-
11:18
Bartender
23.2%
11:51-
11:59
Toriko
23%
7:38-
7:47
B Gata H Kei
20.8%
0:25-
0:33
Busou Renkin
20.2%
5:13-
5:23
Hell Girl
20.2%
11:35-
11:44
Pupa
20.1%
4:22-
4:30
Medabots
20%
10:02-
10:10
Infinite Stratos
19.9%
12:17-
12:27
Shirokuma Cafe
19.8%
10:10-
10:19
Sekai-ichi Hatsukoi
16.2%
5:33-
5:39
Tenjou Tenge
16.2%
1:14-
1:24
Princess Jellyfish
15.3%
6:53-
7:02
Blood +
14.5%
3:30-
3:38
Genshiken
12.8%
7:02-
7:10
Nura: Rise of the Yokai Clan
12.2%
7:28-
7:38
Soul Eater: Late Night Show
10.3%
13:47-
13:56
Last Exile
9.5%
4:39-
4:47
Kanokon
9.4%
1:06-
1:14
Ikkitousen
9%
8:33-
8:43
Omamori Himari
7.7%
3:38-
3:48
Ebichu Minds the House
7.3%
10:48-
10:56
Needless
7.1%
1:55-
2:04
Seikon no Qwaser
6.9%
3:15-
3:23
Saint Seiya Lost Canvas
5.4%
9:00-
9:09
Seikimatsu Occult Gakuin
2.9%
10:28-
10:37
El Hazard
2.7%
Quiz Playlist
Details
Report
Send in Message
Add To Playlist
Classic:
Type in answers that appear in a list
Last Updated: Aug 31, 2017
Quiz Scoreboard
CHALLENGE
Sign Up to Join the Scoreboard
Show All
Scores
Hide
Comments
May contain spoilers
Recently Published
Street Fighter Characters
by Artimus82
Gaming
60s
9x9 Crossword: Cartoon Network
by jackfrog10
Miscellaneous
3m
College Basketball Coaching Resumes
by pancakes188
Sports
9m
More to Explore
Quiz From the Vault
Featured Blog Post
Where Did the Easter Bunny Come From?
hide this ad
You Might Also Like...
Tags
Animation Quiz
Anime Quiz
Japanese Quiz
Naruto
Naruto Shippuden
One Piece
Televised
Video
Today's Top Quizzes in Television
Browse Television
hide this ad
Today's Top Quizzes in Japanese
Browse Japanese
Top Contributed Quizzes in Television
1
5-to-1: The Simpsons Families
2
5-to-1: Television Doctors
3
Adjectives in 80s TV Shows
4
Adjectives in 00s TV Shows
5
7-to-1: TV Show Settings
6
Adjectives in 10s TV Shows
7
Survivor Journey Challenge
8
5-to-1: Streaming Originals
9
Survivor Seasons
10
One Piece Logic Puzzle
Explore More
Trending Topics
NBA
Anime
Harry Potter
Marvel
Kpop
Disney
Crossword
NFL
Country
Song
Soccer
Puzzle
The Office
Pokémon
WWE
hide this ad
More By:
EdwardShinsuke
Quiz
Plays
Rating
Category
Featured
Created
Anime Opening Quiz w/ Video
24,321
3.25
Television
Jul 20, 2014
Anime Openings
4,072
2.49
Television
Mar 29, 2014
25 Anime Themes
115
5.00
Television
Apr 26, 2014
Go to Creator's Profile
Score Distribution
Quiz Creator Spotlight
EdwardShinsuke
Follow
Send a Message
Quizzes Created
-
Created Quiz Play Count
-
More By This Creator
Popular Quizzes Today
1
Find the US States - No Outlines Minefield
2
Find the Countries of Europe - No Outlines Minefield
3
The Countries of the World
4
Find the US States
5
Risky Map Clicking: Biggest States A-Z
6
US States
7
Popular People in 1961
8
Movies - When Are They Set?
More Television Quizzes
Konoha's Eleven
Quiz Lab
Trending Quizzes
Risky Map Clicking: Least Populous States A-Z
Countries of the World: 200 Million BC
1-10 Letter G Words
Risky Map Clicking: Next State Alphabetically
Adjectives in 80s TV Shows
Recently Updated
Leaping Animals
pecheneg
Reality TV Shows (A-Z)
bhenderson79
Rickey Henderson's Hall of Fame Teammates
pecheneg
Champions League XIs: Arsenal
pecheneg
Quick Pick: Celebrities in WWE's Hall of Fame
aduchscher
A-Z Keypad Blitz II
pecheneg
Multiple Oscar Actors
pecheneg
Mystery Phrase Blitz: Oscar 'Best Actors'
pecheneg
F. Scott Fitzgerald Novels
LTH
Pick 3 Villains
ddd62291
Trending Topics
Harry Potter
Crossword
Anime
Disney
NBA
Kpop
Marvel
NFL
Song
Puzzle
WWE
The Office
Country
Soccer
Pokémon
Your Account Isn't Verified!
In order to create a playlist on Sporcle, you need to verify the email address you used during registration. Go to your
Sporcle Settings
to finish the process.
Report this User
Report this user for behavior that violates our
Community Guidelines
.
Details:
Send Report
Go to the Sporcle.com Mobile Site →
Comments